[Event "20. Obert Int. Sant Marti 2018"]
[Site "Barcelona ESP"]
[Date "2018.07.16"]
[Round "4.55"]
[White "Montell Zabay, Alberto"]
[Black "Casaponsa Puig, Gaieta"]
[Result "1-0"]
[WhiteElo "1928"]
[BlackElo "1818"]
[PlyCount "21"]
[EventDate "2018.07.13"]
[EventType "swiss"]
[EventRounds "9"]
[EventCountry "ESP"]
[SourceTitle "Ajedrez en Madrid"]
[Source "lmi"]
[SourceDate "2018.07.13"]
[SourceVersion "1"]
[SourceVersionDate "2019.06.21"]
[SourceQuality "1"]

1. e4 c6 2. d4 d5 3. exd5 cxd5 4. Bd3 Nf6 5. Bg5 e6 6. c3 Be7 7. Qc2 h6 8. Bf4
b6 9. Nf3 Ba6 10. Bxa6 O-O 11. Bb7 1-0

[Event "20. Obert Int. Sant Marti 2018"]
[Site "Barcelona ESP"]
[Date "2018.07.16"]
[Round "4.56"]
[White "Roa Ribera, Alvaro"]
[Black "Oualili, Abdelali"]
[Result "0-1"]
[WhiteElo "1742"]
[BlackElo "1887"]
[PlyCount "50"]
[EventDate "2018.07.13"]
[EventType "swiss"]
[EventRounds "9"]
[EventCountry "ESP"]
[SourceTitle "Ajedrez en Madrid"]
[Source "lmi"]
[SourceDate "2018.07.13"]
[SourceVersion "1"]
[SourceVersionDate "2019.06.21"]
[SourceQuality "1"]

1. e4 c5 2. Nc3 d6 3. f4 e6 4. Bb5+ Bd7 5. Bc4 a6 6. d3 Bc6 7. Nf3 b5 8. Bb3
Be7 9. O-O d5 10. exd5 exd5 11. a4 b4 12. Nb1 Nf6 13. c3 O-O 14. cxb4 cxb4 15.
a5 Nbd7 16. Be3 Nc5 17. Ne5 Bb5 18. Bd4 Rc8 19. Rf3 Nxb3 20. Qxb3 Rc1+ 21. Rf1
Rxf1+ 22. Kxf1 Ne4 23. Ke1 Nc5 24. Bxc5 Bxc5 25. Nd2 Qh4+ 0-1

[Event "20. Obert Int. Sant Marti 2018"]
[Site "Barcelona ESP"]
[Date "2018.07.17"]
[Round "5.1"]
[White "Martinez Alcantara, Jose Eduardo"]
[Black "Guseinov, Gadir"]
[Result "1/2-1/2"]
[WhiteElo "2545"]
[BlackElo "2654"]
[PlyCount "70"]
[EventDate "2018.07.13"]
[EventType "swiss"]
[EventRounds "9"]
[EventCountry "ESP"]
[SourceTitle "Ajedrez en Madrid"]
[Source "lmi"]
[SourceDate "2018.07.13"]
[SourceVersion "1"]
[SourceVersionDate "2019.06.21"]
[SourceQuality "1"]

1. e4 c5 2. Nf3 g6 3. d4 cxd4 4. Nxd4 Nc6 5. c4 Nf6 6. Nc3 d6 7. Be2 Nxd4 8.
Qxd4 Bg7 9. Be3 O-O 10. Qd2 a5 11. f3 a4 12. Rc1 Be6 13. Kf2 Nd7 14. Rhd1 Qa5
15. Nd5 Rfe8 16. b4 axb3 17. axb3 Qxd2 18. Rxd2 Ra3 19. b4 b6 20. g3 Kf8 21.
Rd3 Ra4 22. Bd1 Ra2+ 23. Rd2 Ra3 24. Be2 Rc8 25. Rdc2 Rb8 26. Rb1 f5 27. Nc7
Bf7 28. Nb5 Ra4 29. exf5 gxf5 30. Nc3 Ra3 31. Nb5 Ra4 32. Nc3 Bxc3 33. Rxc3 Ra2
34. Rbc1 Rb2 35. c5 bxc5 1/2-1/2

[Event "20. Obert Int. Sant Marti 2018"]
[Site "Barcelona ESP"]
[Date "2018.07.17"]
[Round "5.2"]
[White "Quesada Perez, Yasser"]
[Black "Aguero Jimenez, Luis Lazaro"]
[Result "1-0"]
[WhiteElo "2531"]
[BlackElo "2473"]
[PlyCount "84"]
[EventDate "2018.07.13"]
[EventType "swiss"]
[EventRounds "9"]
[EventCountry "ESP"]
[SourceTitle "Ajedrez en Madrid"]
[Source "lmi"]
[SourceDate "2018.07.13"]
[SourceVersion "1"]
[SourceVersionDate "2019.06.21"]
[SourceQuality "1"]

1. e4 e5 2. Nf3 Nc6 3. Bb5 a6 4. Ba4 Nf6 5. O-O Be7 6. Re1 b5 7. Bb3 d6 8. c3
O-O 9. d4 Bg4 10. d5 Na5 11. Bc2 Qc8 12. h3 Bd7 13. Nbd2 c6 14. dxc6 Qxc6 15.
Nf1 Rfc8 16. Ng3 Bd8 17. Bd3 Bb6 18. Bg5 Bd8 19. b4 Nc4 20. Bxc4 bxc4 21. a4 h6
22. Bxf6 Bxf6 23. Nh2 Rd8 24. Ng4 Bg5 25. Ne3 Be6 26. Nd5 g6 27. Qf3 Rf8 28.
Red1 Kh8 29. a5 f5 30. Nb6 Rad8 31. exf5 Qe8 32. Ne4 Rxf5 33. Qe2 Qc6 34. Ra2
h5 35. f3 Bf4 36. Nd2 d5 37. Ndxc4 Rg5 38. h4 Rf5 39. Ne3 Rff8 40. Rad2 Qxc3
41. Nexd5 Bxd5 42. Nxd5 Qc8 1-0

[Event "20. Obert Int. Sant Marti 2018"]
[Site "Barcelona ESP"]
[Date "2018.07.17"]
[Round "5.3"]
[White "Pena Gomez, Manuel"]
[Black "Alonso Rosell, Alvar"]
[Result "1-0"]
[WhiteElo "2475"]
[BlackElo "2523"]
[PlyCount "79"]
[EventDate "2018.07.13"]
[EventType "swiss"]
[EventRounds "9"]
[EventCountry "ESP"]
[SourceTitle "Ajedrez en Madrid"]
[Source "lmi"]
[SourceDate "2018.07.13"]
[SourceVersion "1"]
[SourceVersionDate "2019.06.21"]
[SourceQuality "1"]

1. c4 c5 2. g3 Nc6 3. Bg2 g6 4. Nc3 Bg7 5. a3 d6 6. Rb1 a5 7. d3 e5 8. e4 Nge7
9. Nge2 O-O 10. O-O f5 11. Nd5 fxe4 12. dxe4 Be6 13. Bd2 Rf7 14. Qc1 Rc8 15.
Bg5 Qf8 16. Qd2 h6 17. Bxe7 Nxe7 18. Qxa5 Nc6 19. Qd2 h5 20. b4 Bh6 21. Qd3 Kh7
22. b5 Nd4 23. Nxd4 cxd4 24. Rb2 h4 25. gxh4 Bxd5 26. exd5 Rf4 27. Be4 Rxc4 28.
Qxc4 Rg4+ 29. Kh1 Rxe4 30. f3 Re3 31. Rb3 Rxb3 32. Qxb3 Qc8 33. Qd3 Qc3 34. Qe4
Be3 35. h5 Qc4 36. Qxg6+ Kh8 37. Rg1 Bxg1 38. h6 Qc7 39. Kxg1 d3 40. Qg7+ 1-0

[Event "20. Obert Int. Sant Marti 2018"]
[Site "Barcelona ESP"]
[Date "2018.07.17"]
[Round "5.4"]
[White "Cuartas, Jaime Alexander"]
[Black "Miciano, John Marvin"]
[Result "1-0"]
[WhiteElo "2508"]
[BlackElo "2411"]
[PlyCount "89"]
[EventDate "2018.07.13"]
[EventType "swiss"]
[EventRounds "9"]
[EventCountry "ESP"]
[SourceTitle "Ajedrez en Madrid"]
[Source "lmi"]
[SourceDate "2018.07.13"]
[SourceVersion "1"]
[SourceVersionDate "2019.06.21"]
[SourceQuality "1"]

1. e4 g6 2. d4 Bg7 3. Nf3 d6 4. Bc4 Nf6 5. Nc3 O-O 6. O-O Nc6 7. d5 Na5 8. Be2
c5 9. a3 Nd7 10. Bd2 b6 11. Qc1 a6 12. Bh6 b5 13. Bxg7 Kxg7 14. b4 Nb7 15. Qb2
f6 16. Nd1 Nb6 17. Qc1 Bd7 18. Ne3 Qc7 19. Nh4 Nd8 20. f4 Nf7 21. Rf3 Rg8 22.
Qd2 Kh8 23. Raf1 a5 24. c3 axb4 25. axb4 Na4 26. Rc1 Rac8 27. Rff1 Qb6 28. Kh1
Rc7 29. Nf3 Rgc8 30. h3 cxb4 31. cxb4 Kg8 32. Kh2 Kg7 33. Rfe1 Kg8 34. Bf1 Rxc1
35. Rxc1 Rxc1 36. Qxc1 Qa7 37. Be2 Nb6 38. Qd2 Qa3 39. Nd4 g5 40. Bxb5 gxf4 41.
Nef5 Bxf5 42. Nxf5 Kf8 43. Qf2 Nc8 44. Qc2 Na7 45. Qc7 1-0

[Event "20. Obert Int. Sant Marti 2018"]
[Site "Barcelona ESP"]
[Date "2018.07.17"]
[Round "5.5"]
[White "Munoz, Miguel"]
[Black "Mitrabha, Guha"]
[Result "1/2-1/2"]
[WhiteElo "2500"]
[BlackElo "2299"]
[PlyCount "36"]
[EventDate "2018.07.13"]
[EventType "swiss"]
[EventRounds "9"]
[EventCountry "ESP"]
[SourceTitle "Ajedrez en Madrid"]
[Source "lmi"]
[SourceDate "2018.07.13"]
[SourceVersion "1"]
[SourceVersionDate "2019.06.21"]
[SourceQuality "1"]

1. e4 c6 2. d4 d5 3. Nd2 dxe4 4. Nxe4 Nf6 5. Nxf6+ exf6 6. c3 Bd6 7. Bd3 O-O 8.
Ne2 Re8 9. O-O Nd7 10. Bf4 Nf8 11. Qd2 Bg4 12. Bxd6 Qxd6 13. Qf4 Qd7 14. Ng3
Ng6 15. Bxg6 hxg6 16. f3 Be6 17. Ne4 b6 18. Qd6 f5 1/2-1/2

[Event "20. Obert Int. Sant Marti 2018"]
[Site "Barcelona ESP"]
[Date "2018.07.17"]
[Round "5.6"]
[White "Navarro Lopez-Menchero, Daniel"]
[Black "Krysa, Leandro"]
[Result "1/2-1/2"]
[WhiteElo "2297"]
[BlackElo "2533"]
[PlyCount "54"]
[EventDate "2018.07.13"]
[EventType "swiss"]
[EventRounds "9"]
[EventCountry "ESP"]
[SourceTitle "Ajedrez en Madrid"]
[Source "lmi"]
[SourceDate "2018.07.13"]
[SourceVersion "1"]
[SourceVersionDate "2019.06.21"]
[SourceQuality "1"]

1. e4 e5 2. Nf3 Nc6 3. Bc4 Nf6 4. d3 Bc5 5. O-O d6 6. c3 h6 7. h3 O-O 8. Re1 a5
9. Nbd2 Ba7 10. Nf1 Ne7 11. Bb3 Ng6 12. Ng3 c6 13. d4 Re8 14. Be3 exd4 15. Bxd4
Bb8 16. a4 Bc7 17. Qc2 Ne5 18. Nxe5 dxe5 19. Bc5 Be6 20. Bxe6 Rxe6 21. Rad1 Qe8
22. Nf5 Kh7 23. Qb3 b6 24. Bd6 Qb8 25. Be7 Qe8 26. Bd6 Qb8 27. Be7 Qe8 1/2-1/2

[Event "20. Obert Int. Sant Marti 2018"]
[Site "Barcelona ESP"]
[Date "2018.07.17"]
[Round "5.7"]
[White "Oliva Castaneda, Kevel"]
[Black "Valenzuela Gomez, Fernando"]
[Result "1-0"]
[WhiteElo "2491"]
[BlackElo "2389"]
[PlyCount "73"]
[EventDate "2018.07.13"]
[EventType "swiss"]
[EventRounds "9"]
[EventCountry "ESP"]
[SourceTitle "Ajedrez en Madrid"]
[Source "lmi"]
[SourceDate "2018.07.13"]
[SourceVersion "1"]
[SourceVersionDate "2019.06.21"]
[SourceQuality "1"]

1. d4 Nf6 2. c4 g6 3. Nc3 Bg7 4. e4 d6 5. Be2 O-O 6. Be3 c5 7. d5 e6 8. Nf3
exd5 9. cxd5 Bg4 10. Nd2 Bxe2 11. Qxe2 Re8 12. O-O Na6 13. h3 Nc7 14. a4 a6 15.
a5 Rb8 16. Qd3 Nd7 17. f4 f5 18. Rae1 Qf6 19. Kh1 Kh8 20. Bg1 Rf8 21. Nc4 Rbe8
22. e5 dxe5 23. fxe5 Nxe5 24. Nxe5 Rxe5 25. Bxc5 Rd8 26. Bd4 Rxe1 27. Bxf6
Rxf1+ 28. Qxf1 Bxf6 29. Qc4 Ne8 30. Qb4 Nd6 31. Qb6 Re8 32. g3 Be5 33. Kg2 Kg8
34. Qc7 h5 35. Qd7 f4 36. Ne4 f3+ 37. Kf1 1-0

[Event "20. Obert Int. Sant Marti 2018"]
[Site "Barcelona ESP"]
[Date "2018.07.17"]
[Round "5.10"]
[White "Ruiz Castillo, Joshua Daniel"]
[Black "Vatsal, Singhania"]
[Result "1-0"]
[WhiteElo "2410"]
[BlackElo "2194"]
[PlyCount "107"]
[EventDate "2018.07.13"]
[EventType "swiss"]
[EventRounds "9"]
[EventCountry "ESP"]
[SourceTitle "Ajedrez en Madrid"]
[Source "lmi"]
[SourceDate "2018.07.13"]
[SourceVersion "1"]
[SourceVersionDate "2019.06.21"]
[SourceQuality "1"]

1. e4 e6 2. d4 d5 3. Nc3 Nf6 4. e5 Nfd7 5. f4 c5 6. Nf3 Nc6 7. Be3 a6 8. Qd2
cxd4 9. Nxd4 Nxd4 10. Bxd4 Bc5 11. O-O-O O-O 12. Ne2 Qc7 13. Kb1 b5 14. h4 a5
15. Bxc5 Nxc5 16. Nd4 Ba6 17. Qe3 b4 18. Bd3 b3 19. Nxb3 Bxd3 20. Qxc5 Qxc5 21.
Nxc5 Bxc2+ 22. Kxc2 Rfc8 23. Kb1 Rxc5 24. Rc1 Rb5 25. h5 Rab8 26. Rc2 h6 27. g3
Kh7 28. Ka1 a4 29. Rd1 R8b7 30. Rd4 a3 31. b3 Rb4 32. Rcd2 g6 33. g4 gxh5 34.
gxh5 Rb8 35. Kb1 Rc4 36. R2d3 Rxd4 37. Rxd4 Rg8 38. Kc2 Rg2+ 39. Rd2 Rg4 40.
Rf2 Rh4 41. b4 Rxh5 42. Kb3 Rh1 43. Kxa3 h5 44. Rb2 Rc1 45. b5 Rc8 46. b6 d4
47. Kb4 d3 48. a4 h4 49. Rd2 Kg6 50. a5 Kf5 51. Rxd3 Rh8 52. b7 Kxf4 53. a6
Kxe5 54. a7 1-0

[Event "20. Obert Int. Sant Marti 2018"]
[Site "Barcelona ESP"]
[Date "2018.07.17"]
[Round "5.11"]
[White "Smirnov, Artem"]
[Black "Dahale, Atul"]
[Result "1-0"]
[WhiteElo "2405"]
[BlackElo "2040"]
[PlyCount "101"]
[EventDate "2018.07.13"]
[EventType "swiss"]
[EventRounds "9"]
[EventCountry "ESP"]
[SourceTitle "Ajedrez en Madrid"]
[Source "lmi"]
[SourceDate "2018.07.13"]
[SourceVersion "1"]
[SourceVersionDate "2019.06.21"]
[SourceQuality "1"]

1. Nf3 Nf6 2. g3 g6 3. b3 Bg7 4. Bb2 O-O 5. Bg2 c5 6. c4 d6 7. d4 cxd4 8. Nxd4
a6 9. O-O Qc7 10. Nc3 Nc6 11. Rc1 Nxd4 12. Qxd4 e5 13. Qd2 Be6 14. Rfd1 Rfd8
15. Nd5 Bxd5 16. Bxd5 a5 17. a4 Nd7 18. Rc3 Nc5 19. Rf3 Rd7 20. e4 Rf8 21. h4
h6 22. Kg2 Qd8 23. h5 g5 24. Qe2 Kh8 25. Ba3 Qb6 26. Re3 Qd8 27. Qg4 Qc8 28.
Rf3 Kg8 29. Bc1 Re7 30. Rf5 Kh7 31. Ba3 f6 32. Qe2 Rd8 33. Qc2 Kh8 34. Rf1 Rde8
35. Bb2 Qd7 36. Bc3 b6 37. Bb2 Qc8 38. Rd1 Qd7 39. Ba3 Qc8 40. b4 axb4 41. Bxb4
Kh7 42. Rf3 Ra7 43. Rb1 Rd8 44. Bxc5 Qxc5 45. Rb5 Qd4 46. Rfb3 Rxa4 47. Rxb6
Ra7 48. Rb8 Rxb8 49. Rxb8 Bh8 50. Qb3 Rg7 51. Qa4 1-0

[Event "20. Obert Int. Sant Marti 2018"]
[Site "Barcelona ESP"]
[Date "2018.07.17"]
[Round "5.12"]
[White "Gorti, Akshita"]
[Black "Eggleston, David J"]
[Result "1/2-1/2"]
[WhiteElo "2255"]
[BlackElo "2397"]
[PlyCount "69"]
[EventDate "2018.07.13"]
[EventType "swiss"]
[EventRounds "9"]
[EventCountry "ESP"]
[SourceTitle "Ajedrez en Madrid"]
[Source "lmi"]
[SourceDate "2018.07.13"]
[SourceVersion "1"]
[SourceVersionDate "2019.06.21"]
[SourceQuality "1"]

1. d4 Nf6 2. c4 e6 3. Nf3 b6 4. e3 Bb7 5. Bd3 d5 6. O-O Be7 7. Nc3 O-O 8. b3 c5
9. cxd5 exd5 10. Bb2 Nbd7 11. Rc1 Re8 12. Qc2 Bf8 13. Rfd1 a6 14. Bf5 cxd4 15.
Nxd4 Nc5 16. Qb1 g6 17. Bh3 Bg7 18. g3 Qe7 19. Qa1 Rad8 20. Bg2 Ng4 21. Rc2 Ne5
22. Rcd2 Ne4 23. Nxe4 dxe4 24. Nf5 gxf5 25. Rxd8 Rxd8 26. Rxd8+ Qxd8 27. Bxe5
Bxe5 28. Qxe5 Qd7 29. h4 b5 30. Bh3 Bc8 31. Qf6 Qe6 32. Qg5+ Kf8 33. Qd8+ Kg7
34. Qd4+ Kg8 35. Qd8+ 1/2-1/2

[Event "20. Obert Int. Sant Marti 2018"]
[Site "Barcelona ESP"]
[Date "2018.07.17"]
[Round "5.13"]
[White "Glimbrant, Torbjorn"]
[Black "Cori Quispe, Kevin Joel"]
[Result "1/2-1/2"]
[WhiteElo "2213"]
[BlackElo "2487"]
[PlyCount "76"]
[EventDate "2018.07.13"]
[EventType "swiss"]
[EventRounds "9"]
[EventCountry "ESP"]
[SourceTitle "Ajedrez en Madrid"]
[Source "lmi"]
[SourceDate "2018.07.13"]
[SourceVersion "1"]
[SourceVersionDate "2019.06.21"]
[SourceQuality "1"]

1. Nf3 Nf6 2. d4 g6 3. c4 Bg7 4. g3 O-O 5. Bg2 d5 6. cxd5 Nxd5 7. O-O Nb6 8.
Nc3 Nc6 9. e3 Re8 10. Re1 a5 11. b3 Bg4 12. Bb2 e5 13. d5 Nb4 14. e4 c6 15. a3
Na6 16. h3 Bd7 17. Nd2 cxd5 18. Nxd5 Nxd5 19. exd5 b5 20. Rc1 Qb6 21. Ne4 Rac8
22. Qe2 f5 23. Ng5 e4 24. Bxg7 Kxg7 25. Qb2+ Qf6 26. Qxf6+ Kxf6 27. Nxh7+ Kg7
28. Ng5 Nc5 29. f3 e3 30. Rc3 e2 31. b4 axb4 32. axb4 Na6 33. Rxc8 Bxc8 34. Kf2
Nxb4 35. Rxe2 Rxe2+ 36. Kxe2 Nxd5 37. f4 Nf6 38. Bf3 Kf8 1/2-1/2

[Event "20. Obert Int. Sant Marti 2018"]
[Site "Barcelona ESP"]
[Date "2018.07.17"]
[Round "5.14"]
[White "Alarcon Casellas, Rolando"]
[Black "Pinero Fernandez, Xavier"]
[Result "1-0"]
[WhiteElo "2389"]
[BlackElo "2218"]
[PlyCount "137"]
[EventDate "2018.07.13"]
[EventType "swiss"]
[EventRounds "9"]
[EventCountry "ESP"]
[SourceTitle "Ajedrez en Madrid"]
[Source "lmi"]
[SourceDate "2018.07.13"]
[SourceVersion "1"]
[SourceVersionDate "2019.06.21"]
[SourceQuality "1"]

1. d4 Nf6 2. Bg5 Ne4 3. Bf4 d5 4. f3 Nf6 5. e4 e6 6. e5 Nfd7 7. Be3 c5 8. c3
Nc6 9. f4 Qb6 10. Qd2 cxd4 11. cxd4 Bb4 12. Nc3 Bxc3 13. bxc3 Na5 14. Nf3 Qc7
15. Qc2 Nb6 16. Bd3 h6 17. O-O Bd7 18. a4 O-O-O 19. Bc1 Kb8 20. Ba3 Nbc4 21.
Bb4 Nc6 22. Bc5 b6 23. Bxc4 bxc5 24. Ba6 Na5 25. dxc5 Qxc5+ 26. Nd4 Ka8 27. Kh1
g6 28. Qf2 Bc8 29. Be2 a6 30. Rfb1 Rd7 31. Qf1 Ra7 32. Qe1 Bd7 33. h3 Rc8 34.
Rc1 Nc4 35. Bxc4 Qxc4 36. a5 Rb7 37. Qh4 h5 38. Kh2 Qd3 39. Ra2 Rxc3 40. Qd8+
Rb8 41. Qxd7 Rxc1 42. Nf3 Qe3 43. Qxf7 d4 44. Kg3 Qb3 45. Rd2 Rd8 46. Qxg6 d3
47. f5 exf5 48. Qxa6+ Kb8 49. e6 Qb4 50. Qb6+ Qxb6 51. axb6 Rc4 52. Ne5 Rc2 53.
Nd7+ Kb7 54. Rxd3 Re8 55. Re3 Rc6 56. Kf4 Kc8 57. Kxf5 h4 58. Re4 Rc2 59. Nf6
Rf2+ 60. Ke5 Re7 61. Nd5 Re8 62. e7 Rxg2 63. Ke6 Rh2 64. Rxh4 Re2+ 65. Kd6 Kb7
66. Kd7 Rc8 67. Ra4 Rd2 68. Ra7+ Kb8 69. Ra8+ 1-0

[Event "20. Obert Int. Sant Marti 2018"]
[Site "Barcelona ESP"]
[Date "2018.07.17"]
[Round "5.15"]
[White "Vidarte Morales, Arturo"]
[Black "Chernyak, Viktoria"]
[Result "1/2-1/2"]
[WhiteElo "2381"]
[BlackElo "2206"]
[PlyCount "95"]
[EventDate "2018.07.13"]
[EventType "swiss"]
[EventRounds "9"]
[EventCountry "ESP"]
[SourceTitle "Ajedrez en Madrid"]
[Source "lmi"]
[SourceDate "2018.07.13"]
[SourceVersion "1"]
[SourceVersionDate "2019.06.21"]
[SourceQuality "1"]

1. Nf3 d5 2. g3 Nf6 3. Bg2 c5 4. O-O Nc6 5. c4 e5 6. cxd5 Nxd5 7. Nc3 Nxc3 8.
bxc3 Be7 9. d3 O-O 10. Nd2 Be6 11. Rb1 Qc7 12. Qa4 Bd7 13. Ne4 a6 14. Be3 b6
15. c4 Nd4 16. Qd1 Rab8 17. Nc3 Qd6 18. a4 Rfe8 19. Bd5 Bh3 20. Re1 Qg6 21. Be4
Qd6 22. Nd5 Bd8 23. Bxd4 exd4 24. e3 dxe3 25. Rxe3 Bd7 26. Qc2 g6 27. Rbe1 Bg5
28. R3e2 Bh6 29. Kg2 Bg7 30. Bf3 Bd4 31. Rxe8+ Bxe8 32. h4 b5 33. axb5 axb5 34.
cxb5 Bxb5 35. Rb1 Bd7 36. Ne7+ Kg7 37. Rxb8 Qxb8 38. Nc6 Bxc6 39. Bxc6 Qb2 40.
Qxb2 Bxb2 41. g4 h6 42. f4 Bd4 43. Kf3 Bg1 44. Bd5 f6 45. h5 gxh5 46. gxh5 Bd4
47. Ke4 Bg1 48. Kf5 1/2-1/2

[Event "20. Obert Int. Sant Marti 2018"]
[Site "Barcelona ESP"]
[Date "2018.07.17"]
[Round "5.16"]
[White "Romero Pallares, Daniel"]
[Black "Gonzales, Jayson"]
[Result "0-1"]
[WhiteElo "2202"]
[BlackElo "2367"]
[PlyCount "148"]
[EventDate "2018.07.13"]
[EventType "swiss"]
[EventRounds "9"]
[EventCountry "ESP"]
[SourceTitle "Ajedrez en Madrid"]
[Source "lmi"]
[SourceDate "2018.07.13"]
[SourceVersion "1"]
[SourceVersionDate "2019.06.21"]
[SourceQuality "1"]

1. e4 d6 2. d4 Nf6 3. Nc3 e5 4. Nf3 exd4 5. Nxd4 c6 6. Bf4 Be7 7. Qd2 O-O 8.
O-O-O d5 9. e5 Ne8 10. Bd3 Nc7 11. h4 Nba6 12. g4 Ne6 13. Nxe6 fxe6 14. Bg3 Qa5
15. Bxh7+ Kxh7 16. Qd3+ Kg8 17. h5 Qc7 18. h6 Bg5+ 19. Kb1 gxh6 20. f4 Nc5 21.
Qe3 Be7 22. f5 Bg5 23. Qxc5 b6 24. Qd4 exf5 25. Bh4 Be6 26. Bxg5 hxg5 27. Rh6
Rae8 28. Rg6+ Kf7 29. gxf5 Bxf5 30. Rf6+ Kg8 31. Rg1 Rxf6 32. exf6 Kf7 33. Rxg5
Re1+ 34. Nd1 Qe5 35. Qd2 Kxf6 36. Rh5 Ke6 37. a3 Kd7 38. Rxf5 Rxd1+ 39. Qxd1
Qxf5 40. b3 c5 41. Qe2 Qf7 42. Qg4+ Kc7 43. Qg3+ Kb7 44. Qd6 d4 45. Kb2 Qg7 46.
Qd5+ Kc7 47. Ka2 Qe7 48. Kb2 Qg7 49. Ka2 Qd7 50. Qe5+ Kc6 51. Qe4+ Kc7 52. Qe5+
Kb7 53. Qe4+ Qc6 54. Qe7+ Ka6 55. Qe2+ b5 56. a4 Kb6 57. axb5 Qxb5 58. Qe6+ Ka5
59. Qe1+ Qb4 60. Qe7 Qb6 61. Qd7 Qa6 62. Kb2 Kb4 63. Qc7 Qa3+ 64. Kb1 Qa5 65.
Qh2 Ka3 66. Qg1 Qd2 67. Qf1 d3 68. Qc1+ Qxc1+ 69. Kxc1 Ka2 70. Kd2 dxc2 71.
Kxc2 a5 72. Kc3 Kb1 73. Kd3 Kb2 74. Kc4 Kc2 0-1

[Event "20. Obert Int. Sant Marti 2018"]
[Site "Barcelona ESP"]
[Date "2018.07.17"]
[Round "5.17"]
[White "Grafl, Florian"]
[Black "Lacasta Palacio, Joaquim"]
[Result "1-0"]
[WhiteElo "2364"]
[BlackElo "2105"]
[PlyCount "51"]
[EventDate "2018.07.13"]
[EventType "swiss"]
[EventRounds "9"]
[EventCountry "ESP"]
[SourceTitle "Ajedrez en Madrid"]
[Source "lmi"]
[SourceDate "2018.07.13"]
[SourceVersion "1"]
[SourceVersionDate "2019.06.21"]
[SourceQuality "1"]

1. f4 Nf6 2. Nf3 g6 3. g3 Bg7 4. Bg2 O-O 5. O-O c5 6. d3 d5 7. Qe1 e6 8. e4 b6
9. Nc3 Bb7 10. e5 Ne8 11. g4 Nc7 12. f5 exf5 13. gxf5 gxf5 14. Nh4 Nd7 15. Nxf5
Bxe5 16. Bf4 Bxf4 17. Rxf4 Kh8 18. Nd6 Bc6 19. Nxf7+ Rxf7 20. Rxf7 Qg8 21. Rf3
Ne6 22. Rg3 Ng7 23. Qd2 Qe6 24. Re1 Qd6 25. Qg5 Ne6 26. Rxe6 1-0

[Event "20. Obert Int. Sant Marti 2018"]
[Site "Barcelona ESP"]
[Date "2018.07.17"]
[Round "5.18"]
[White "Abhishek, Das"]
[Black "Sapale, Saloni"]
[Result "1/2-1/2"]
[WhiteElo "2325"]
[BlackElo "2145"]
[PlyCount "50"]
[EventDate "2018.07.13"]
[EventType "swiss"]
[EventRounds "9"]
[EventCountry "ESP"]
[SourceTitle "Ajedrez en Madrid"]
[Source "lmi"]
[SourceDate "2018.07.13"]
[SourceVersion "1"]
[SourceVersionDate "2019.06.21"]
[SourceQuality "1"]

1. c4 Nf6 2. Nc3 c5 3. e4 d6 4. g3 Nc6 5. Bg2 g6 6. Nge2 Bg7 7. O-O a6 8. d4
cxd4 9. Nxd4 Bd7 10. Nxc6 Bxc6 11. Be3 O-O 12. Qe2 Rb8 13. Rfd1 Qa5 14. a3 Qh5
15. Bf3 Qh3 16. Ba7 Ra8 17. Bd4 h5 18. b4 Ng4 19. Bxg4 hxg4 20. b5 Bd7 21. Nd5
Bxd4 22. Rxd4 Kg7 23. Nf4 Qh6 24. e5 g5 25. e6 Bxe6 1/2-1/2

[Event "20. Obert Int. Sant Marti 2018"]
[Site "Barcelona ESP"]
[Date "2018.07.17"]
[Round "5.19"]
[White "Frayna, Janelle Mae"]
[Black "Kadam, Om Manish"]
[Result "1-0"]
[WhiteElo "2315"]
[BlackElo "1836"]
[PlyCount "69"]
[EventDate "2018.07.13"]
[EventType "swiss"]
[EventRounds "9"]
[EventCountry "ESP"]
[SourceTitle "Ajedrez en Madrid"]
[Source "lmi"]
[SourceDate "2018.07.13"]
[SourceVersion "1"]
[SourceVersionDate "2019.06.21"]
[SourceQuality "1"]

1. Nf3 d5 2. c4 e6 3. g3 Nf6 4. Bg2 Be7 5. O-O O-O 6. b3 c5 7. Bb2 Nc6 8. e3 b6
9. Nc3 Bb7 10. cxd5 exd5 11. d4 Re8 12. Ne5 Bf8 13. Nxc6 Bxc6 14. dxc5 bxc5 15.
Qd3 Qd7 16. Rfd1 Rad8 17. Qa6 Qb7 18. Qxb7 Bxb7 19. Nb5 a6 20. Nc7 Re7 21. Bxf6
gxf6 22. Nxd5 Bxd5 23. Bxd5 Red7 24. Bf3 a5 25. Kf1 a4 26. Rxd7 Rxd7 27. Bc6
Rd2 28. Bxa4 Bd6 29. Bb5 Be5 30. Rc1 Rxa2 31. Rxc5 Kg7 32. Bc4 Ra7 33. Bd5 Bd6
34. Rb5 h5 35. h4 1-0

[Event "20. Obert Int. Sant Marti 2018"]
[Site "Barcelona ESP"]
[Date "2018.07.17"]
[Round "5.20"]
[White "Deshpande, Aniruddha"]
[Black "Cruz, Filemon"]
[Result "0-1"]
[WhiteElo "2132"]
[BlackElo "2314"]
[PlyCount "60"]
[EventDate "2018.07.13"]
[EventType "swiss"]
[EventRounds "9"]
[EventCountry "ESP"]
[SourceTitle "Ajedrez en Madrid"]
[Source "lmi"]
[SourceDate "2018.07.13"]
[SourceVersion "1"]
[SourceVersionDate "2019.06.21"]
[SourceQuality "1"]

1. d4 Nf6 2. c4 e6 3. g3 c5 4. d5 exd5 5. cxd5 d6 6. Nc3 g6 7. Bg2 Bg7 8. Nf3
O-O 9. O-O Re8 10. Bf4 a6 11. a4 Qc7 12. Nd2 Nh5 13. Nc4 Nxf4 14. gxf4 f5 15.
e3 Nd7 16. a5 Nf6 17. Ra3 Ne4 18. Nxe4 fxe4 19. Nb6 Rb8 20. Nxc8 Qxc8 21. Rb3
Qd7 22. Qd2 Bf6 23. Rc1 g5 24. fxg5 Bxg5 25. Rc4 Qf5 26. Rb6 Re7 27. Rxd6 Rg7
28. Qc2 Be7 29. Qxe4 Qxe4 30. Rxe4 Bxd6 0-1

[Event "20. Obert Int. Sant Marti 2018"]
[Site "Barcelona ESP"]
[Date "2018.07.17"]
[Round "5.21"]
[White "Garcia Gil, Javier"]
[Black "Ryan, Joseph"]
[Result "1/2-1/2"]
[WhiteElo "2110"]
[BlackElo "2273"]
[PlyCount "109"]
[EventDate "2018.07.13"]
[EventType "swiss"]
[EventRounds "9"]
[EventCountry "ESP"]
[SourceTitle "Ajedrez en Madrid"]
[Source "lmi"]
[SourceDate "2018.07.13"]
[SourceVersion "1"]
[SourceVersionDate "2019.06.21"]
[SourceQuality "1"]

1. d4 e6 2. c4 b6 3. e4 Bb7 4. Nc3 Bb4 5. f3 Qh4+ 6. g3 Qh5 7. Bg2 Bxc3+ 8.
bxc3 f5 9. exf5 Qxf5 10. Nh3 Nf6 11. O-O O-O 12. Re1 h6 13. Nf4 g5 14. Bh3 Qh7
15. Nxe6 dxe6 16. Bxe6+ Kh8 17. d5 Nbd7 18. h4 gxh4 19. Qd4 hxg3 20. Kg2 Qc2+
21. Bd2 Nc5 22. Rac1 Nxe6 23. Rxe6 Qg6 24. Rh1 h5 25. Re5 Kh7 26. Rg5 Qf7 27.
Qd3+ Kh8 28. Qf5 Nh7 29. Qe5+ Qf6 30. Rhxh5 Qxe5 31. Rxe5 Rf7 32. Be3 c5 33.
Re6 Rg8 34. Reh6 Rgg7 35. Bg5 Kg8 36. f4 Ba6 37. d6 Bxc4 38. Be7 Bb5 39. f5
Bc6+ 40. Kg1 Bd7 41. f6 Rg4 42. Rxh7 Rxh7 43. Rxh7 Kxh7 44. f7 Rf4 45. f8=Q
Rxf8 46. Bxf8 Kg8 47. Bh6 Bc6 48. Bf4 g2 49. d7 Bxd7 50. Bb8 a6 51. Kxg2 b5 52.
Bd6 c4 53. Kf3 Kf7 54. Ke4 Ke6 55. Bb4 1/2-1/2